banner koha

Cepec Herbarium database update proposal (Registro n. 331130)

MARC details
000 -LÍDER
fixed length control field 03543nab a2200313 i 4500
003 - CÓDIGO MARC DA AGÊNCIA CATALOGADORA
Campo de controle BR-BrBNA
005 - DATA E HORA DA ÚLTIMA ATUALIZAÇÃO
Campo de controle 20250422103913.0
008 - CAMPO DE TAMANHO FIXO
fixed length control field 250422b2019 bl.ar|pooa||| 00| 0 eng |
040 ## - FONTE DA CATALOGAÇÃO
Agência catalogadora BR-BrBNA
Idioma da catalogação eng
072 ## - CATEGORIA AGRIS
Código AGRIS C30
072 ## - CATEGORIA AGRIS
Código AGRIS U10
100 ## - ENTRADA PRINCIPAL - NOME PESSOAL
Nome pessoal Lopes, Marcos Reis
100 ## - ENTRADA PRINCIPAL - NOME PESSOAL
Nome pessoal Silva, Vânia Cordeiro
100 ## - ENTRADA PRINCIPAL - NOME PESSOAL
Nome pessoal Araujo, Quintino Reis
100 ## - ENTRADA PRINCIPAL - NOME PESSOAL
Nome pessoal Novais, Renato Nunes da Silva
245 ## - TÍTULO PRINCIPAL
Título principal Cepec Herbarium database update proposal
500 ## - NOTA GERAL
Nota geral <br/><br/>Publicação online; 6 ref.; 4 illus.; 2 tables; Summaries (En, Pt)
942 ## - ADDED ENTRY ELEMENTS (KOHA)
Koha item type Analítica
520 ## - NOTA DE RESUMO
Nota de conteúdo <br/><br/><br/>Abstract: Herbarium databases offer information about plant taxonomy, ecology, phytotherapeutics, and ethnobotanicals, among other subjects that focus on regional and international flora. These databases require a high degree of reliability. This work consists of an applied and detailed study on two databases, with different architectures, of the Cocoa Research Center [CEPEC], acronym in Portuguese] Herbarium, in Executive Commission of the Cacao Farming Plan [CEPLAC], Brazil, which had to be remodeled, standardized and merged into a single database, and a proposal for a dedicated system to add, delete and edit existing data. This document is intended for botanists, as well as practitioners of related fields and who have in botany an important source of information. Results reflect the importance of each software according to analysis, definition of requirements and software development. A new database system is proposed for immediate use by the staff and technicians of CEPEC’s Herbarium.<br/><br/><br/>Key words: Systematization of botanical information, Exsiccatae, Brazilian Flora
520 ## - NOTA DE RESUMO
Nota de conteúdo <br/><br/><br/>Resumo: Os bancos de dados de herbário oferecem informações sobre taxonomia vegetal, ecologia, fitoterápicos, e etnobotânica, entre outros assuntos que enfocam a flora regional e internacional. Esses bancos de dados exigem um alto grau de confiabilidade. Este trabalho consiste em um estudo aplicado e detalhado em dois bancos de dados, com arquiteturas diferentes, do Herbário do Centro de Pesquisas em Cacau [CEPEC] da Comissão Executiva do Plano da Lavoura Cacaueira [CEPLAC], no Brasil, que precisaram ser remodelados, padronizados e fundidos em um único banco de dados e uma proposta de sistema dedicado à adição, exclusão e, principalmente, edição dos dados existentes. Este documento destina-se a técnicos de botânica, assim como a profissionais de áreas afins e que têm na botânica uma fonte importante de informações. Os resultados refletem a importância de cada software de acordo com a análise, definição de requisitos e desenvolvimento de software. Um novo sistema de banco de dados é proposto para uso imediato pelos funcionários e técnicos do Herbário CEPEC.<br/><br/><br/>Palavras-chave: Sistematização de informações botânicas, Exsicata, Flora Brasileira.
650 ## - ASSUNTO - THESAGRO
Cabeçalho tópico ou nome geográfico SISTEMA DE INFORMAÇÃO
650 ## - ASSUNTO - THESAGRO
Cabeçalho tópico ou nome geográfico HERBÁRIO
650 ## - ASSUNTO - THESAGRO
Cabeçalho tópico ou nome geográfico FLORA
650 ## - ASSUNTO - THESAGRO
Cabeçalho tópico ou nome geográfico PROGRAMA DE COMPUTADOR
650 ## - ASSUNTO - THESAGRO
Cabeçalho tópico ou nome geográfico BRASIL
773 0# - ENTRADA ANALÍTICA
Host Biblionumber 3583
Registro do item 349608
Imprenta Cruz das Almas-BA Universidade Federal da Bahia - Escola de Agronômia 1983
Outro identificador 2025-2128
Título Magistra (Brazil)
ISSN 0102-5333
Colação v. 30 p. 168-178; (2019)
Número de controle de registro BR2025000765
856 ## - ACESSO E ENDEREÇO ELETRÔNICO
Identificador uniforme de recurso - URI https://periodicos.ufrb.edu.br/index.php/magistra/article/view/4237/2185

Nenhum exemplar disponível.

BINAGRI

Telefone: (61)3218-2567/2388/3357/2097 - binagri@agro.gov.br

Ministério da Agricultura e Pecuária , Esplanada dos Ministérios, Bloco D, Anexo B, Brasília/DF, CEP: 70.043-900